000 00308nam a2200121 a 4500
008 101213s1952|||| d
245 1 0 _aSborové písně a tance Sovětské armády
100 1 _aHorák - Kos - Kremlík
260 _bNaše vojsko
_aPraha
_c1952
020 _c96
044 _aCZ
041 _acze
999 _c15194
_d15194